|
|
|
|
| LEADER |
00000nam0a2200000 4500 |
| 001 |
48141 |
| 005 |
20231031031327.0 |
| 035 |
|
|
|a (RuTPU)RU\TPU\book\50367
|
| 090 |
|
|
|a 48141
|
| 100 |
|
|
|a 20030305d2002 k y0rusy50 ca
|
| 101 |
0 |
|
|a rus
|
| 102 |
|
|
|a RU
|
| 105 |
|
|
|a a z 101zy
|
| 200 |
1 |
|
|a Радиационно-термические эффекты и процессы в неорганических материалах
|e Труды III Международной конференции , Томск, 29 июля - 3 августа 2002 г.
|f Российская Академия естественных наук; Томский политехнический университет; Алтайский государственный технический университет; Бурятский научный центр
|
| 210 |
|
|
|a Томск
|c Изд-во ТПУ
|d 2002
|
| 215 |
|
|
|a 390 с.
|c ил.
|
| 320 |
|
|
|a Библиогр. в конце статей
|
| 607 |
|
|
|a Томск
|
| 610 |
1 |
|
|a физика
|
| 610 |
1 |
|
|a заряженные частицы
|
| 610 |
1 |
|
|a высокоинтенсивные пучки
|
| 610 |
1 |
|
|a высокотемпературная метрология
|
| 610 |
1 |
|
|a сильноточные пучки
|
| 610 |
1 |
|
|a радиационно-термические технологии
|
| 610 |
1 |
|
|a неорганические материалы
|
| 610 |
1 |
|
|a технологические процессы
|
| 610 |
1 |
|
|a оборудование
|
| 610 |
1 |
|
|a конференции
|
| 675 |
|
|
|a 539.2:539.1(063)
|v 3
|
| 712 |
0 |
2 |
|a Российская Академия естественных наук
|2 stltpush
|3 (RuTPU)RU\TPU\col\138
|
| 712 |
1 |
2 |
|a Радиационно-термические эффекты и процессы в неорганических материалах
|b международная конференция
|c труды
|d 3
|e Томск
|f 2002
|
| 712 |
0 |
2 |
|a Томский политехнический университет
|2 stltpush
|3 (RuTPU)RU\TPU\col\376
|
| 712 |
0 |
2 |
|a Алтайский государственный технический университет им. И. И. Ползунова
|2 stltpush
|3 (RuTPU)RU\TPU\col\436
|
| 712 |
0 |
2 |
|a Бурятский научный центр
|2 stltpush
|3 (RuTPU)RU\TPU\col\208
|
| 801 |
|
1 |
|a RU
|b 63413507
|c 20030305
|g PSBO
|
| 801 |
|
2 |
|a RU
|b 63413507
|c 20060203
|g PSBO
|
| 942 |
|
|
|c BK
|